LIBRARY & INFORMATION CENTRE, KCAET, TAVANUR

ONLINE PUBLIC ACCESS CATALOGUE (OPAC)

Dairy Plant Management (Record no. 14676)

MARC details
000 -LEADER
fixed length control field 00290nam a22001217a 4500
020 ## - INTERNATIONAL STANDARD BOOK NUMBER
ISBN 9789381450864
082 ## - DEWEY DECIMAL CLASSIFICATION NUMBER
Classification number 637.14
Item number PUR/DA
100 ## - MAIN ENTRY--AUTHOR NAME
Personal name Puranik D.B.
245 ## - TITLE STATEMENT
Title Dairy Plant Management
260 ## - PUBLICATION, DISTRIBUTION, ETC. (IMPRINT)
Place of publication New Delhi
Name of publisher New India Publishing Agency
Year of publication 2014
300 ## - PHYSICAL DESCRIPTION
Number of Pages 261
942 ## - ADDED ENTRY ELEMENTS (KOHA)
Koha item type Books
Holdings
Withdrawn status Lost status Damaged status Collection code Home library Current library Shelving location Date acquired Source of acquisition Cost, normal purchase price Full call number Accession Number Koha item type
      Non-fiction KAUAET KAUAET Reference 26/07/2016 Arunima Book Distributors,TVPM. 795.00 637.14 PUR/DA 24566 Books
        KAUAET KAUAET General Stacks 28/07/2016 Universal Research Books. 795.00 637.14 PUR/DA 24282 Books
      Non-fiction KAUAET KAUAET General Stacks 15/05/2019   1250.00 637.14 PUR/DA 25751 Books
free website counter